02425nam a2200325Ia 4500001000600000003000900006008004100015040001300056040001300069041001300082100001500095100002900110240007100139240003500210245007300245245007300318250001100391260001100402260001400413260004900427300005700476500123800533650002501771650003101796942000701827957000601834999001701840999000601857952023601863H4899IT-RoPAU130308s9999 xx 000 0 und d aIT-RoPAU cIT-RoPAU aITALIANO aZipes Jack gCodice Aut. SPICS: 57882 aBREAKING THE MAGIC SPELL. RADICAL THEORIES OF FOLK AND FAIRY TALES gCodice Tit. Orig. Spics: T3455 aSpezzare l'incantesimo. teorie radicali su fiabe e racconti popolari bSpezzare L'Incantesimo. teorie Radicali su Fiabe e Racconti Popolari a1a ed. aMILANO bMondadori c2004 [1° Ed.:2004 - Ed.Ling.Originale:1979] a"360 p. (prefazione: no ; testo: 360 [pagine: 0-0])" aPrefazione. Introduzione. La Fiaba nel Nostro Tempo. 1 C'Era un Tempo: Introduzione Alla Storia e All'Ideologia delle Fiabe e dei Racconti Popolari. 2 Il Diritto del Piu' Forte: la Politica della Fiaba e del Racconto Popolare. 3 la rivoluzionaria Ascesa della Fiaba romantica in Germania. 4 la Strumentalizzazione della Fantasia: le Fiabe, L'Industria Culturale e I Mass Media. 5 la Funzione Utopica della Fiaba e della Fantasia: Ernst Bloch Il marxista e J.R..R tolkien Il Cattolico. 6 sull'uso e L'Abuso dei Racconti Popolari e delle Fiabe con I Bambini: la Bacchetta magica Moralistica di Bruno Bettelheim. 7 la Moralità€ Radicale di topi, Fate, Maghi e Orchi: Prendere Sul Serio la Letteratura per L'Infanzia. Note. Bibliografia. indice Analitico.In sette Saggi Zipes Mette Il Luce L'Importanza di studiare I Racconti Popolari in Maniera Radicale, Ricollocandoli Cioe' nel Loro Contesto Sociale Epolitico. ne Insegue Poi l'evoluzione fino Alla Trasformazione in Fiabe Letterarie e in prodotti Concepiti per I Nuovi Media: una Metamorfosi che Spesso Ha Occultato o ridotto L'Ideologia Implicita nelle Narrazioni Origirie.Zipes Analizza Anche I Modi in Cui I Racconti Popolari Influenzano le nostre comuni Credenze e Convinzioni. aSAGGI DI LINGUISTICA eCodice materia Spics: 3207 cBK 71 c88087d88087 g1 0010406H_000000000000000_489971aSPICSbSPICSd2013-03-08l0oH4899r2013-03-08 00:00:00w2013-03-08yBKzProgressivo inserimento: 4560 / N. Volumi: 1 Copie: 1 / data import: 1 marzo 2013 - By Epidotti, Trombetti, Vaglietti.